Die Homosexualität des Mannes und des Weibes
Kaydedildi:
| Yazar: | |
|---|---|
| Materyal Türü: | Kitap |
| Dil: | İngilizce |
| Etiketler: |
Etiket eklenmemiş, İlk siz ekleyin!
|
MARC
| LEADER | 00000nam a2200000 4500 | ||
|---|---|---|---|
| 005 | 20240924171925.0 | ||
| 008 | 240731b |||||||| |||| 00| 0 eng d | ||
| 040 | |c GP | ||
| 100 | |a Hirschfeld, Magnus | ||
| 245 | |a Die Homosexualität des Mannes und des Weibes | ||
| 942 | |2 ddc |c BK |n 0 | ||
| 952 | |0 0 |1 0 |2 ddc |4 0 |6 306_766000000000000_HIR |7 1 |9 1756 |a RM |b RM |d 2024-07-31 |l 0 |o 306.766 HIR |p 569 |r 2024-07-31 19:01:00 |w 2024-07-31 |y BK | ||
| 999 | |c 1572 |d 1572 | ||